La madera : (Registro nro. 9880)
[ vista simple ]
| 000 -LEADER | |
|---|---|
| Campo de control de longitud fija | 01659nam a22002777a 4500 |
| 003 - IDENTIFICADOR DEL NÚMERO DE CONTROL | |
| Campo de control | PE SENCICO BE |
| 005 - FECHA Y HORA DE LA ÚLTIMA TRANSACCIÓN | |
| Campo de control | 20260417175740.0 |
| 008 - ELEMENTOS DE LONGITUD FIJA - INFORMACIÓN GENERAL | |
| Campo de control de longitud fija | 260417b |||||||| |||| 00| 0 eng d |
| 017 ## - NÚMERO DEL REGISTRO DE DERECHOS DE AUTOR O DEL DEPÓSITO LEGAL | |
| Fuente | 33.190-1991 |
| 020 ## - ISBN | |
| ISBN | 84-329-7516-8 |
| 040 ## - FUENTE DE CATALOGACIÓN | |
| Origen de catalogación | PE SENCICO BE |
| Agencia que realiza la transcripción | PE SENCICO BE |
| 041 ## - CÓDIGO DE IDIOMA | |
| Idioma del texto | spa |
| 082 ## - NÚMERO DE CLASIFICACIÓN DECIMAL DEWEY | |
| Código de Clasificación Dewey | 694 |
| Notación Interna | J67 |
| Año de la edición | 1991 |
| 100 1# - ASIENTO PRINCIPAL--NOMBRE PERSONAL | |
| Autor Personal | Johnston, David |
| 9 (RLIN) | 640 |
| Término relacionado | autor |
| 245 1# - MENCIÓN DEL TITULO | |
| Título | La madera : |
| Subtítulo | clases y características / |
| Mención de responsabilidad | David Johnston |
| 250 ## - MENCIÓN DE EDICIÓN | |
| Edición | 2a ed. |
| 260 ## - PUBLICACIÓN, DISTRIBUCIÓN, ETC. (PIE DE IMPRENTA) | |
| Lugar de publicación, distribución, etc. | Barcelona : |
| Nombre de la Editorial, Distribuidor, etc. | Ediciones CEAC ; |
| Fecha de publicación, distribución, etc. | 1991 |
| 300 ## - DESCRIPCIÓN FÍSICA | |
| Paginación | 160 paginas : |
| Otros detalles físicos | gráficos ; |
| Dimensión | 24 cm. |
| 505 0# - NOTA DE CONTENIDO CON FORMATO PREESTABLECIDOE | |
| Contenido o índice | Estructura y propiedades – Defectos – Secado y almacenamiento – Colas – Lijado y acabado – Preservantes – Fuentes de madera – Maderas duras – Maderas blandas – Tableros y chapas – Artesanías e industrias – Producto comercial |
| 520 3# - NOTA DE RESUMEN, ETC. | |
| Resumen, etc. | El carpintero y el ebanista tienen a su disposición un extraordinario número de clases de madera distintas, cada una de ellas más adecuada que otra para la realización de determinado trabajo. El libro hace conocer cuáles son esas clases de madera y las características que poseen, para saber elegir el material más apropiado para una necesidad concreta.<br/>Este texto explica cuál es la estructura y cuáles son las propiedades de la madera, los defectos que puede tener y las causas que pueden motivarlos, la técnica del secado y del almacenamiento, las colas más adecuadas para cada unión, el lijado, el acabado y los distintos preservantes |
| 650 10 - ASIENTO SECUNDARIO DE MATERIA - TERMINO TEMÁTICO | |
| Término de tema o elemento de entrada de nombre geográfico | Carpintería |
| 9 (RLIN) | 428 |
| 650 20 - ASIENTO SECUNDARIO DE MATERIA - TERMINO TEMÁTICO | |
| Término de tema o elemento de entrada de nombre geográfico | Construcciones de madera |
| 9 (RLIN) | 340 |
| 650 20 - ASIENTO SECUNDARIO DE MATERIA - TERMINO TEMÁTICO | |
| Término de tema o elemento de entrada de nombre geográfico | Madera |
| 9 (RLIN) | 310 |
| 910 ## - RESPONSABLE DEL REGISTRO | |
| Coordinador de procesamiento de la información | hfp |
| 942 ## - ELEMENTOS DE KOHA | |
| Fuente de clasificación o esquema de estanterías | Dewey Decimal Classification |
| Tipo de documento | Libros |
| 999 ## - | |
| -- | 9880 |
| -- | 9880 |
| Estado Retiro | Estado Perdido | Sistema de Clasificación o Esquema de Estantería | Estado Dañado | No es para préstamo | Ubicación Permanente | Ubicación Actual | Fecha de adquisición | Total Checkouts | Signatura topográfica completa | Código de Barras | Date last seen | Precio efectivo desde | Tipo de ítem |
|---|---|---|---|---|---|---|---|---|---|---|---|---|---|
| Dewey Decimal Classification | Biblioteca Tacna | Biblioteca Tacna | 17/04/2026 | 694/J67/1991 | BibZtacn26042619 | 17/04/2026 | 17/04/2026 | Libros |